WTO and South Asia (Record no. 404574)

000 -LEADER
fixed length control field 00437cam a22001577a 4500
008 - FIXED-LENGTH DATA ELEMENTS--GENERAL INFORMATION
fixed length control field 180718b2005 xxu||||| |||| 00| 0 eng d
020 ## - INTERNATIONAL STANDARD BOOK NUMBER
International Standard Book Number 817541233X
082 ## - DEWEY DECIMAL CLASSIFICATION NUMBER
Classification number T39 G959
100 ## - MAIN ENTRY--PERSONAL NAME
Personal name Gupta, Anshuman
245 ## - TITLE STATEMENT
Title WTO and South Asia
Statement of responsibility, etc. by Anshuman Gupta
260 ## - PUBLICATION, DISTRIBUTION, ETC.
Place of publication, distribution, etc. Delhi
Name of publisher, distributor, etc. Shipra
Date of publication, distribution, etc. 2005
300 ## - PHYSICAL DESCRIPTION
Extent 183p.
650 ## - SUBJECT ADDED ENTRY--TOPICAL TERM
Topical term or geographic name entry element South Asia - Economic conditions
650 ## - SUBJECT ADDED ENTRY--TOPICAL TERM
Topical term or geographic name entry element International trade
650 ## - SUBJECT ADDED ENTRY--TOPICAL TERM
Topical term or geographic name entry element World Trade Organization (WTO)
Holdings
Withdrawn status Lost status Damaged status Not for loan Permanent Location Current Location Date acquired Full call number Barcode Date last seen Price effective from Koha item type
        Indian Institute of Public Administration Indian Institute of Public Administration 2005-09-23 T39 G959 80552 2018-07-21 2018-07-21 Book

Powered by Koha